| 000 | 01105nas a2200349 4500 | ||
|---|---|---|---|
| 001 | BR0301748 | ||
| 003 | BR-BrBNA | ||
| 005 | 20231205103703.0 | ||
| 007 | ta | ||
| 008 | 230509b bl.|||p| |||| 00| 00por d | ||
| 040 |
_aBR-BrBNA _bpor _cBiblioteca Nacional de Agricultura |
||
| 041 | _a(Pt) | ||
| 072 | _aL01; L72 | ||
| 100 | 1 | _aBresciani, K.D.S. | |
| 100 | 1 | _aNascimento, A.A. do | |
| 100 | 1 | _aCosta, A.J. da | |
| 100 | 1 | _aAmarante, A.F.T. | |
| 100 | 1 | _aPerri, S.H.V. | |
| 100 | 1 | _aLima, L.G.F. | |
| 245 | 1 | _aFreqüência e intensidade parasitária de helmintos gastrintestinais em bovinos abatidos em frigorífico da região noroeste do Estado de São Paulo, SP, Brasil | |
| 650 | _aGADO DE CORTE | ||
| 650 | _aHELMINTO GASTRINTESTINAL | ||
| 650 | _aCOPERIOSE | ||
| 650 | _aNEMATÓIDE | ||
| 650 | _aANÁLISE ESTATÍSTICA | ||
| 650 | _aABATE | ||
| 650 | _aFRIGORÍFICO | ||
| 650 | _aSÃO PAULO | ||
| 773 | 0 |
_tSemina Ciencias Agrarias (Brazil) _xISSN 1676-546X _g(Jan-Jun 2001), v. 22(1) p. 87-91 _wBR0301748 |
|
| 909 |
_a202311 _bLúcia _c55 _dLúcia Elande |
||
| 942 |
_2AGRIS _n0 _cANA |
||
| 999 |
_c174220 _d174220 |
||